000 00628nam a22001815i 4500
001 157046
003 ES-MaACL
005 20260217063016.0
008 960402s1884 fr a |||| | fre d
040 _aCLM
_bspa
_cCLM
100 1 _aLapparent, Albert de,
_d1839-1908
_9152878
245 1 0 _aCours de minéralogie /
_cpar A. de Lapparent.
260 _aParis :
_bLibrairie F. Savy,
_c1884.
300 _aXII, 560 p., [1] h. de lám. :
_bil. ;
_c25 cm.
650 4 _aMineralogía.
_915053
852 _aES-MaACL
_jF-5655
_z-- Enc. pasta española
_x-- Edic.: El imp. es Imprimerie A. Lahure
999 _c157046
_d157046